| 000 | 00351nam a2200133Ia 4500 | ||
|---|---|---|---|
| 008 | 150202s9999 xx 000 0 und d | ||
| 020 | _a451171659 | ||
| 050 |
_aFIC _bFIC |
||
| 100 | _aKorda, Reva. | ||
| 245 |
_aHaving it all / _cReva Korda. |
||
| 260 |
_aNew Zealand : _bSignet Books, _c1991. |
||
| 300 |
_a360 pages : _c18 cm. |
||
| 650 | _aFiction. | ||
| 999 |
_c282169 _d282169 |
||